Mexico State Capitals - Statistics

General Stats
  • This quiz has been taken 2,401 times
  • The average score is 22 of 31
Answer Stats
State Capital % Correct
Aguascalientes Aguascalientes
93%
Chihuahua Chihuahua
88%
Durango Victoria de Durango
86%
Baja California Sur La Paz
84%
Baja California Mexicali
84%
Colima Colima
83%
Jalisco Guadalajara
83%
Nuevo León Monterrey
82%
Oaxaca Oaxaca de Juárez
82%
Puebla Puebla de Zaragoza
82%
Campeche San Francisco de Campeche
82%
San Luis Potosí San Luis Potosi
80%
Guanajuato Guanajuato
78%
Querétaro Santiago de Querétaro
78%
Yucatán Mérida
76%
Zacatecas Zacatecas
76%
Sonora Hermosillo
70%
Sinaloa Culiacán
65%
Coahuila Saltillo
65%
Nayarit Tepic
65%
Michoacán Morelia
64%
Tlaxcoco Tlaxcala
64%
México Toluca de Lerdo
64%
Tamaulipas Ciudad Victoria
63%
Chiapas Tuxtla Gutiérrez
62%
Morelos Cuernavaca
58%
Tabasco Villahermosa
57%
Veracruz Xalapa
56%
Quintana Roo Chetumal
55%
Hidalgo Pachuca
55%
Guerrero Chilpancingo de los Bravo
54%
No matching quizzes found
Score Distribution
Percent of People with Each Score
Percentile by Number Answered
Your Score History
You have not taken this quiz